| 000 | 00862cam6a220025300 4500 | ||
|---|---|---|---|
| 001 | qce01513379 | ||
| 005 | 20190814091604.0 | ||
| 008 | 820701s1982 gw a 001 0 eng d | ||
| 035 | _a(Sirsi) r42727 | ||
| 035 | _a(QCAT)lss03470752 | ||
| 035 | _a(UPRA)qce01513379 | ||
| 040 | _dUPRA | ||
| 060 |
_aWJ100 _bA415u 1982 |
||
| 100 | 1 |
_aAlken, Carl-Erich. _6A529.1 |
|
| 245 | 1 | 0 |
_aUrology, guide for diagnosis and therapy / _cCarl-Erich Alken and Jurgen Sokeland with Rainer M.E. Engel. |
| 260 |
_aStuttgart ; New York : _aStuttgart ; New York : _bThieme, _c1982. |
||
| 500 | _aTranslation of: Urologie. | ||
| 650 | 2 |
_aUrologic Diseases _6S521.1 |
|
| 700 | 1 |
_aSokeland, Jurgen, 1933- _dSokeland, Jurgen, 1933- _6A530.1 |
|
| 700 | 1 |
_aEngel, Rainer M. E. _6A531.1 |
|
| 740 | 0 | _aUrologie. | |
| 949 |
_aRC874 _wLC _i-52296 _mMEDICAL _tBOOK _lON-SHELF |
||
| 004 | 42727 | ||
| 999 |
_c46432 _d46432 |
||